• 首页
  • 本馆介绍
  • 公告通知
  • 最新文献
  • 馆藏检索
  • 电子资源
  • 读者导购
  • 参考咨询
  • 我的图书馆
  • 登录
  • 详细信息显示
  • 放入我的书架
  • 预约/预借图书
  • 作者相关作品
  • 分类相关作品
  • 丛书相关作品
  • 出版社相关作品

书目信息

  • 表格格式
  • 工作单格式
  • 卡片格式
题名:
化工热力学
    
 
作者: 童景山 编著
分册:  
出版信息: 北京   清华大学出版社  1995.06
页数: 375页
开本: 26cm
丛书名:
单 册:
中图分类: TQ013.1
科图分类:
主题词: 化学工业--热力学
电子资源:
ISBN: 7-302-01736-0
000 00553nam0 2200193 45
001 0203250862
005 20031219104053.8
010    @a7-302-01736-0@dCNY24.00
100    @a20020325d1995 km y0chiy0120 ea
101 0  @achi
105    @a z 000yy
200 1  @a化工热力学@AHua Gong Re Li Xue@f童景山等编著@FTong Jing Shan Deng Bian Zhu
210    @a北京@c清华大学出版社@d1995.06
215    @a375页@d26cm
606 0  @a化学工业@x热力学
690    @aTQ013.1@v4
701  0 @a童景山@4编著
801    @aCN@bTSTC@c20020325
905    @b306890-898@dTQ013.1@e48@f9
    
    化工热力学/童景山等编著.-北京:清华大学出版社,1995.06
    375页;26cm
    
    
    ISBN 7-302-01736-0:CNY24.00
    
●
相关链接 在E读中查询图书 在五车中查询图书 在当当中查询图书 在豆瓣中查询图书


正题名:化工热力学     索取号:TQ013.1/48         预约/预借

序号 登录号 条形码 馆藏地/架位号 状态 备注
1 0306890   203068900   密集书库/ [索取号:TQ013.1/48] 在馆    
2 0306891   203068919   密集书库/ [索取号:TQ013.1/48] 在馆    
3 0306892   203068928   密集书库/ [索取号:TQ013.1/48] 在馆    
4 0306893   203068937   第三借阅区/ [索取号:TQ013.1/48] 在馆    
5 0306894   203068946   第三借阅区/ [索取号:TQ013.1/48] 在馆    
6 0306895   203068955   第三借阅区/ [索取号:TQ013.1/48] 在馆    
7 0306896   203068964   密集书库/ [索取号:TQ013.1/48] 在馆    
8 0306897   203068973   第三借阅区/ [索取号:TQ013.1/48] 在馆    
9 0306898   203068982   第二样本阅览室/ [索取号:TQ013.1/48] 在馆    
唐山师范学院图书馆 欢迎您!
大连网信软件有限公司© 版权所有